| 000 -LEADER |
| fixed length control field |
00319nam a2200109Ia 4500 |
| 008 - FIXED-LENGTH DATA ELEMENTS--GENERAL INFORMATION |
| fixed length control field |
200302s9999 xx 000 0 und d |
| 100 ## - MAIN ENTRY--PERSONAL NAME |
| Personal name |
P. Dayaratnam P. Sarah |
| 245 ## - TITLE STATEMENT |
| Title |
Limit state design of reinforced concrete structures 2nd ed. |
| 260 ## - PUBLICATION, DISTRIBUTION, ETC. |
| Name of publisher, distributor, etc. |
Medtech Scientific Publishing Pvt. Ltd. |
| 260 ## - PUBLICATION, DISTRIBUTION, ETC. |
| Date of publication, distribution, etc. |
2018 |
| 300 ## - PHYSICAL DESCRIPTION |
| Extent |
540 |